000 00993cam a2200193 4500
001 WB3747-17
008 011210n2001 000 0 eng u
035 _a(Sirsi) u115926
245 _aProperty market holding up
260 _c2001
490 _aEstate Agency News
_v(174) December 2001/January 2002, 2(1)
520 _aThe latest Home Report by Bradford & Bingley indicates that, despite widespread fears of a recession and the impact of 11September, properties are shifting in an average of 10 weeks. This is the fastest time recorded in the six years of the Report. The Report is based on data covering the last five transactions at each of Bradford & Bingley's 317 estate agency offices. However, 80% of staff surveyed admitted they are starting to see signs of increased customer caution.
590 _aWB
650 _aBRADFORD & BINGLEY
650 _aSURVEY
650 _aHOUSE PRICES
690 _aPROPERTY-RESIDENTIAL PROPERTY-RESIDENTIAL PROPERTY MARKET
942 _n0
999 _c69058
_d69058